00528nam a2200193 a 4500001001300000003000900013005001700022008004100039020002700080082001800107100003000125245003300155260002700188300000900215500003500224505001000259650003200269650003300301nice12345678IN_TiNIC20260116013814.0050524s1992 dela grp 000 0 eng  a0803970 c1957.5500a307.0610bKAV aKavanagh, Kathryn Hopkins aPromoting Cultural Diversity aDelhibSage Pub c1992 a160p aincludes index and biblioraphy2 aIndex aIntercultural Communication aMedical Profession-Sociology